Six Flags Great America- Roller Coasters - Statistics

General Stats
  • This quiz has been taken 175 times
  • The average score is 7 of 13
Answer Stats
Answer % Correct
Raging bull
88%
Goliath
87%
Batman the ride
72%
X-flight
69%
Viper
67%
American Eagle
65%
The Whizzer
57%
Superman Ultimate Flight
52%
Little Dipper
50%
Demon
49%
The Flash- Vertical Velocity
35%
Darknight
15%
Maxxx Force
7%
No matching quizzes found
Score Distribution
Percent of People with Each Score
Percentile by Number Answered
Your Score History
You have not taken this quiz